00234 a2200121 4500001000700000020001800007040001100025100002300036240002100059245001600080300000700096362000900103188736 a0-19-423214-X cMagnum aGould-Hardy, Janet10aKing ArthurlING10aKing Arthur a300 a2002